Normal view
MARC view
Entry Topical Term
001 - CONTROL NUMBER
- control field: 1235054
003 - CONTROL NUMBER IDENTIFIER
- control field: OSt
005 - DATE AND TIME OF LATEST TRANSACTION
- control field: 20260417150715.0
008 - FIXED-LENGTH DATA ELEMENTS
- fixed length control field: 260417|| aca||aabn | a|a d
040 ## - CATALOGING SOURCE
- Original cataloging agency: OSt
- Transcribing agency: OSt
150 ## - HEADING--TOPICAL TERM
- Topical term or geographic name entry element: ELEMEMTARU SCHOOL
670 ## - SOURCE DATA FOUND
- Source citation: Work cat.: (OSt)1848306: Gupte, Arvind, Ed. 1235053, Middle school jeev vigyan: , 2025
